| 000 | 00402 a2200145 4500 | ||
|---|---|---|---|
| 999 |
_c12466 _d12466 |
||
| 003 | OSt | ||
| 005 | 20240117093406.0 | ||
| 008 | 240117b ||||| |||| 00| 0 eng d | ||
| 020 | _a9781616892647 | ||
| 082 |
_a720.92 _bBER |
||
| 100 |
_aBertotti Scamozzi, Ottavio, _d1719-1790 |
||
| 245 | _aThe buildings and designs of Andrea Palladio | ||
| 260 |
_b Princeton Architectural Press _c2014 |
||
| 942 | _2ddc | ||